| 000 | 00619nam a2200229Ia 4500 | ||
|---|---|---|---|
| 005 | 20260320201934.0 | ||
| 008 | 008 262003s9999 xx 000 0 eng d | ||
| 037 | _aEBOOK | ||
| 040 | _aCRL | ||
| 040 | _beng | ||
| 040 | _cCRL | ||
| 041 | _2eng | ||
| 041 | _aeng | ||
| 084 | _qCRL | ||
| 100 |
_aJephson _91136363 |
||
| 245 | 0 | _aPractical HTML and CSS: Elevate your internet presence by creating modern and high-performance websites for the web | |
| 260 | _bIEEE | ||
| 856 | _uhttps://ieeexplore.ieee.org/servlet/opac?bknumber=10818435 | ||
| 942 | _cEBOOK | ||
| 999 |
_c1724389 _d1724389 |
||